Beatriz (Record no. 179323)
[ view plain ]
| 000 -LEADER | |
|---|---|
| campo de control de longitud fija | 00574nam a2200157 i 4500 |
| 001 - NÚMERO DE CONTROL | |
| campo de control | 179323 |
| 003 - IDENTIFICADOR DE NÚMERO DE CONTROL | |
| campo de control | ES-MaACL |
| 005 - FECHA Y HORA DE LA ÚLTIMA TRANSACCIÓN | |
| campo de control | 20230906220745.0 |
| 008 - DATOS DE LONGITUD FIJA--INFORMACIÓN GENERAL | |
| campo de control de longitud fija | 111102s2006 sp abe |||| | spa d |
| 080 ## - NÚMERO DE LA CLASIFICACIÓN DECIMAL UNIVERSAL | |
| Número de la Clasificación Decimal Universal | 821.134.2-31"19" |
| 100 1# - ENTRADA PRINCIPAL--NOMBRE DE PERSONA | |
| Nombre de persona | Bolívar Gómez-Urda, Antonio. |
| 9 (RLIN) | 148444 |
| 245 10 - MENCIÓN DEL TÍTULO | |
| Título | Beatriz |
| Resto del título | : entre el sueño y la memoria / |
| Mención de responsabilidad, etc. | Antonio Bolívar Gómez de Urda. |
| 260 ## - PUBLICACIÓN, DISTRIBUCIÓN, ETC. | |
| Lugar de publicación, distribución, etc. | Alcalá la Real : |
| Nombre del editor, distribuidor, etc. | A. Bolívar, |
| Fecha de publicación, distribución, etc. | 2006 ( |
| Lugar de fabricación/manufactura | [Jaén] : |
| Fabricante | Tres Impresores Sur) |
| 300 ## - DESCRIPCIÓN FÍSICA | |
| Extensión | 300 p. : |
| Otras características físicas | il., mapas ; |
| Dimensiones | 24 cm. |
| 852 ## - LOCALIZACIÓN | |
| Ubicación | ES-MaACL |
| Número de control de estantería | N-4692 |
| Nota libre | . - Dedicatoria autógrafa del autor |
| Estatus retirado | Estado de pérdida | Estado de daño | No para préstamo | Biblioteca de origen | Biblioteca actual | Ubicación en estantería | Fecha de adquisición | Fuente de adquisición | Total de préstamos | Signatura topográfica completa | Código de barras | Visto por última vez | Precio de reemplazo | Tipo de ítem Koha |
|---|---|---|---|---|---|---|---|---|---|---|---|---|---|---|
| Biblioteca del Ateneo de Madrid | Biblioteca del Ateneo de Madrid | Sala Pecera Depósito 2 | 02/11/2011 | N-4692 | 1188381 | 23/02/2023 | 23/02/2023 | Libro impreso |
